Fúzie a akvizície v oblasti komerčných nehnuteľností v strednej a východnej Európe na príklade Slovenska diplomová práca

Guardado en:
Detalles Bibliográficos
Autor principal: Kalman, Jozef
Autor Corporativo: Obchodná fakulta EU. Katedra medzinárodného obchodu
Otros Autores: Ferenčíková, Soňa, 1960-
Formato: Libro
Lenguaje:eslovaco
Publicado: Bratislava 2024
Etiquetas: Agregar Etiqueta
Sin Etiquetas, Sea el primero en etiquetar este registro!

MARC

LEADER 00000nbm a2200000 4500
001 0302126
005 20250806123527.0
041 0 |a slo 
044 |a SK 
245 1 0 |a Fúzie a akvizície v oblasti komerčných nehnuteľností v strednej a východnej Európe na príklade Slovenska  |b diplomová práca  |c Jozef Kalman ; školiteľ: Soňa Ferenčíková 
264 1 |a Bratislava  |c 2024 
300 |a 70 s. 
100 1 |a Kalman, Jozef 
700 1 |a Ferenčíková, Soňa, 1960- 
710 2 |a Obchodná fakulta EU. Katedra medzinárodného obchodu